000 00971nam a22002657a 4500
001 05889
003 HDC
007 cr bn ---aaaaa
008 210121b20072007xxu||||| |||| 00| 0 eng d
020 _a9780849370502
040 _aHDC
100 _aEbadi, Manuchair S.
_eauthor
_96200
245 0 _aHerb-drug interactions
_c/ Manuchair Ebadi
260 _aUnited States:
_bCRC Press/Taylor & Francis,
_c2007
300 _a1 online resource (11 pages)
336 _atext
_2rdacontent
337 _acomputer
_2rdamedia
338 _aonline resource
_2rdacarrier
500 _aOriginally from: Pharmacodynamic Basis of Herbal Medicine, 2007 (pages 37-47)
_aIncludes bibliographical references
650 _aMedicine, Traditional
_96163
856 _zRequest full-text at [email protected]
942 _2lcc
942 _cCHAP
942 _kEBCH 004200
999 _c3213
_d3213